000 00239nam a2200109Ia 4500
005 20251222175928.0
008 251222s9999||||xx |||||||||||||| ||spa||
082 _a332.63/A52
100 _aAmat, Oriol
245 0 _aLa Bolsa:
942 _cLIB
999 _c40924
_d40924